Administración de Operaciones conceptos y casos contemporáneos

Bibliographic Details
Main Author: Schroeder, Roger G.
Format: Section = Libro
Language:Undetermined
Spanish
Published: México McGraw-Hill 2005
Edition:2a.ed.
Subjects:
LEADER 00666nam a2200229Ia 4500
008 240829s9999 xx 000 0 und d
020 |a 970-10-4653-6 
040 |a BIBLIOTECA-RUSB/ 658.5 S381 
041 |a spa 
082 |a 658.5 S381 
100 1 |a Schroeder, Roger G. 
245 1 0 |a Administración de Operaciones conceptos y casos contemporáneos 
250 |a 2a.ed. 
260 |a México  |b McGraw-Hill  |c 2005 
300 |a 601 p. :il. 
650 7 |a ADMINISTRACION OPERACIONES - CONCEPTOS 
650 7 |b  ESTRATEGIA DE OPERACIONES 
650 7 |c  ADMINISTRACION - CALIDAD 
650 7 |d  PROGRAMACIÓN DE PROYECTOS 
942 |c BK  |2 ddc 
991 |a TEXTO 
999 |c 4195